000 00464nam a2200145 a 4500
001 000030314
005 20200930060226.0
008 110509s1974 dr 000 0 spa d
040 _aDO-SdBNP
_bspa
_cBNPHU
082 _axxx
_bE82h
100 1 _aEstrella R., Victor A.
_955381
245 1 0 _a"Las hojas secas que cayeron junto a la tristeza en un recuerdo de amor" /
_cVĂ­ctor A. Estrella E.
260 _aSantiago de los Caballeros :
_b[s.n],
_c1974.
049 _aBNPD
999 _c29806
_d29806